RC Deportivo de La Coruña Squad 2024-2025 - Statistics

General Stats
  • This quiz has been taken 81 times
    43 since last reset
  • The average score is 21 of 31
Answer Stats
# Position Nation Player % Correct
10 FW Spain Yeremay Hernández
93%
8 MF Spain Diego Villares
89%
7 FW Spain Lucas Pérez
85%
4 DF France Pablo Martínez
85%
28 MF England Charlie Patiño
81%
17 FW Spain David Mella
81%
15 DF Spain Pablo Vázquez
78%
23 DF Spain Ximo Navarro
78%
1 GK Spain Germán Parreño
74%
25 GK Brazil Helton Leite
74%
5 DF Spain Dani Barcia
70%
9 FW Spain Iván Barbero
70%
21 MF Spain Mario Soriano
70%
18 DF Spain Sergio Escudero
70%
20 MF Spain José Ángel Jurado
67%
24 FW Morocco Mohamed Bouldini
67%
- Coach Spain Óscar Gilsanz
67%
33 DF Spain Rafa Obrador
67%
3 FW Netherlands Zakaria Eddahchouri
67%
16 FW Argentina Juan Carlos Gauto
63%
12 MF DR Congo Nuke Mfulu
63%
6 DF Spain Álex Petxarroman
59%
11 FW Spain Davo
59%
2 MF Australia Denis Genreau
59%
- Coach Spain Imanol Idiakez
59%
22 MF Spain Hugo Rama
56%
7 FW Spain Diego Gómez
52%
19 DF Spain Jaime Sánchez
52%
11 DF Serbia Nemanja Tošić
52%
14 FW Spain Cristian Herrera
44%
13 GK Spain Eric Puerto
41%
No matching quizzes found
Score Distribution
Percent of People with Each Score
Percentile by Number Answered
Your Score History
You have not taken this quiz since the last reset